<?xml version="1.0" encoding="UTF-8"?>
<record
    xmlns:xsi="http://www.w3.org/2001/XMLSchema-instance"
    xsi:schemaLocation="http://www.loc.gov/MARC21/slim http://www.loc.gov/standards/marcxml/schema/MARC21slim.xsd"
    xmlns="http://www.loc.gov/MARC21/slim">

  <leader>007380000a22001090004500</leader>
  <datafield tag="100" ind1="1" ind2=" ">
    <subfield code="a">Andi&#xF1;ach, Pablo R.</subfield>
  </datafield>
  <datafield tag="245" ind1="1" ind2="0">
    <subfield code="a">Joel : La justicia definitiva</subfield>
  </datafield>
  <datafield tag="300" ind1=" " ind2=" ">
    <subfield code="a">Num. 35-36 (2000), P&#xE1;ginas 148-152</subfield>
  </datafield>
  <datafield tag="520" ind1=" " ind2=" ">
    <subfield code="a">Joel es un libro escrito durante el postexilio y compuesto por dos partes que una a otra se nutren sem&#xE1;nticamente.  En &#xE9;l se utiliza la imagen de una invasi&#xF3;n de langostas para aludir a una invasi&#xF3;n militar extranjera y sus consecuencias, y se va hacia una comprensi&#xF3;n entre escatol&#xF3;gica e hist&#xF3;rica de la acci&#xF3;n de Yav&#xE9; quien en el llamado d&#xED;a de Yav&#xE9; har&#xE1; justicia definitiva y entregar&#xE1; su Esp&#xED;ritu a los marginados y d&#xE9;biles.</subfield>
  </datafield>
  <datafield tag="773" ind1="0" ind2=" ">
    <subfield code="t">Revista de Interpretaci&#xF3;n B&#xED;blica Latinoamericana</subfield>
  </datafield>
  <datafield tag="942" ind1=" " ind2=" ">
    <subfield code="c">ANA</subfield>
  </datafield>
  <datafield tag="952" ind1=" " ind2=" ">
    <subfield code="0">0</subfield>
    <subfield code="1">0</subfield>
    <subfield code="4">0</subfield>
    <subfield code="7">0</subfield>
    <subfield code="8">HEM</subfield>
    <subfield code="a">FUSBC</subfield>
    <subfield code="b">FUSBC</subfield>
    <subfield code="d">2016-01-26</subfield>
    <subfield code="l">0</subfield>
    <subfield code="o"> </subfield>
    <subfield code="r">2016-01-26 00:00:00</subfield>
    <subfield code="w">2016-01-26</subfield>
    <subfield code="y">ANA</subfield>
  </datafield>
  <datafield tag="999" ind1=" " ind2=" ">
    <subfield code="c">52541</subfield>
    <subfield code="d">52541</subfield>
  </datafield>
</record>
